000
00322nam a2200133Ia 4500
008
240624s9999 xx 000 0 und d
041
_a
eng
082
_a
920 KRI
100
_a
KRIPLANI J B
245
_a
MY TIMES AN AUTOBIOGRAPHY
260
_c
2004
_a
New Delhi
_b
Rupa and Company
300
_a
1010 : p.
365
_c
RS
_b
25
999
_c
17825
_d
17825